All Nobel Prize Winners - Statistics

General Stats
  • This quiz has been taken 67 times
  • The average score is 72 of 1011
Answer Stats
Hint Answer % Correct
Marie Curie
92%
Barack Obama
84%
Frederic Joliot-Curie
84%
Irene Joliot-Curie
84%
Pierre Curie
84%
1921 Albert Einstein
81%
Nelson Mandela
57%
Bob Dylan
51%
Eyvind Johnson
51%
Simon Johnson
51%
Ernest Hemingway
49%
European Union
49%
1922 Niels Bohr
49%
1997 Steven Chu
49%
Winston Churchill
49%
Francis Peyton Rous
46%
Theodore Roosevelt
46%
Jimmy Carter
41%
Martin Luther King Jr
41%
Yitzhak Rabin
41%
Gabriel Garcia Marquez
38%
1975 Aage Bohr
35%
George E Smith
35%
George Smith
35%
Hamilton O Smith
35%
Michael Smith
35%
Vernon L Smith
35%
Charles Thomas Rees Wilson
32%
1982 Kenneth G Wilson
32%
Robert B Wilson
32%
Robert Woodrow Wilson
32%
Woodrow Wilson
32%
Yasser Arafat
32%
Amartya Sen
30%
Henry Kissinger
30%
1938 Enrico Fermi
27%
1944 Isidor Isaac Rabi
27%
Jean-Paul Sartre
27%
Dario Fo
24%
Ernest Rutherford
24%
International Committee of the Red Cross
24%
Lech Walesa
24%
Mikhail Gorbachev
24%
Mother Teresa
24%
Pablo Neruda
24%
Rudyard Kipling
24%
Wolfgang Paul
24%
Albert Camus
22%
Alfred Hermann Fried
22%
Boris Pasternak
22%
Edward B Lewis
22%
Frederick Chapman Robbins
22%
Hermann Hess
22%
James A Robinson
22%
James Watson
22%
1969 Murray Gell-Mann
22%
Otto Loewi
22%
Robert Robinson
22%
Sinclair Lewis
22%
Thomas Mann
22%
1936 Victor Francis Hess
22%
Walter Rudolf Hess
22%
W Arthur Lewis
22%
Al Gore
19%
Anwar Sadat
19%
Betty Williams
19%
1996 David Lee
19%
George Paget Thomson
19%
Han Kang
19%
Henryk Sienkiewicz
19%
Herbert C Brown
19%
1906 J J Thomson
19%
Jody Williams
19%
John Forbes Nash Jr
19%
Michael Stuart Brown
19%
Michael W Young
19%
Otto Hahn
19%
Selma Lagerlof
19%
Stanley Cohen
19%
Tsung-Dao Lee
19%
1932 Werner Heisenberg
19%
1901 Wilhelm Rontgen
19%
William Howard Stein
19%
Willy Brandt
19%
Yuan T Lee
19%
Alexander Fleming
16%
Archer Martin
16%
Barry Marshall
16%
Czeslaw Milosz
16%
Edmond H Fischer
16%
Emil Fischer
16%
Ernst Otto Fischer
16%
Francis Crick
16%
George Bernard Shaw
16%
George Marshall
16%
Hans Fischer
16%
Hermann Joseph Muller
16%
Herta Muller
16%
Irwin Rose
16%
Isaac Bashevis Singer
16%
Ivan Pavlov
16%
Malala Yousafzai
16%
1918 Max Planck
16%
Milton Friedman
16%
Mo Yan
16%
Patrick White
16%
Paul Hermann Muller
16%
Samuel Beckett
16%
Shimon Peres
16%
Toni Morrison
16%
Wislawa Szymborska
16%
Amnesty International
14%
Anatole France
14%
Camilo Jose Cela
14%
Carl David Anderson
14%
Claude Simon
14%
Daron Acemoglu
14%
Doris Lessing
14%
1939 Ernest Lawrence
14%
1933 Erwin Schrödinger
14%
F W De Klerk
14%
Gunter Grass
14%
Heinrich Boll
14%
Herbert A Simon
14%
Jacobus Henricus Van 't Hoff
14%
1990 Jerome Isaac Friedman
14%
John Steinbeck
14%
Joseph Hooten Taylor Jr
14%
Kenzaburo Oe
14%
Knut Hamsun
14%
Linus Pauling
14%
1929 Louis De Broglie
14%
Maria Goeppert Mayer
14%
Mario Vargas Llosa
14%
Maurice Maeterlinck
14%
Menachem Begin
14%
Olga Tokarczuk
14%
Orhan Pamuk
14%
Paul Berg
14%
Pearl S Buck
14%
Peter W Higgs
14%
1977 Philip W Anderson
14%
Raymond Davis Jr
14%
Richard E Taylor
14%
Richard Feynman
14%
Saint-John Perse
14%
Sigrid Undset
14%
T S Eliot
14%
WB Yeats
14%
1945 Wolfgang Pauli
14%
Abiy Ahmed
11%
Aleksandr Solzhenitsyn
11%
Alvin E Roth
11%
Archibald Hill
11%
Bengt I Samuelsson
11%
Bertrand Russell
11%
1931 Carl Bosch
11%
Claudia Goldin
11%
Desmond Tutu
11%
Dickinson W Richards
11%
1963 Eugene Wigner
11%
Frederic Mistral
11%
Fritz Haber
11%
Gabriela Mistral
11%
Geoffrey Hinton
11%
Guglielmo Marconi
11%
Gustav Ludwig Hertz
11%
1967 Hans Bethe
11%
1903 Henri Becquerel
11%
Ilya Frank
11%
1935 James Chadwick
11%
1925 James Franck
11%
James W Black
11%
J M Coetzee
11%
Joachim Frank
11%
1910 Johannes Diderik van der Waals
11%
Joseph L Goldstein
11%
Juan Ramon Jimenez
11%
K Alex Miller
11%
Kazuo Ishiguro
11%
Kofi Annan
11%
Konrad Lorenz
11%
Linda B Buck
11%
1904 Lord Rayleigh
11%
1954 Max Born
11%
Merton Miller
11%
Oliver E Williamson
11%
Paul Dirac
11%
Romain Rolland
11%
Santiago Ramon Y Cajal
11%
Stanford Moore
11%
Svante Arrhenius
11%
Theodore William Richards
11%
Thomas Hunt Morgan
11%
Tomas Transtromer
11%
United Nations
11%
Willard S Boyle
11%
William Faulkner
11%
William Golding
11%
Wladyslaw Reymont
11%
Albert Szent-Gyorgyi
8%
Alice Munro
8%
Andre Gide
8%
Aristide Briand
8%
Arvid Carlsson
8%
Aung San Suu Kyi
8%
Brian Schmidt
8%
Bruce Beutler
8%
1950 C F Powell
8%
Charles G Dawes
8%
David Card
8%
Derek Walcott
8%
E Donnall Thomas
8%
Elfriede Jelinek
8%
Elie Wiesel
8%
Elinor Ostrom
8%
Ellen Johnson Sirleaf
8%
Emil Von Behring
8%
Esther Duflo
8%
Eugene F Fama
8%
Eugene O'Neill
8%
Frances H Arnold
8%
Francois Mauriac
8%
Frank B Kellogg
8%
Frederick Gowland Hopkins
8%
Fridtjof Nansen
8%
Georg Wittig
8%
Glenn T Seaborg
8%
Grameen Bank
8%
Harold Pinter
8%
Henri Bergson
8%
Henry Dunant
8%
Imre Kertesz
8%
Ivan Bunin
8%
Ivo Andric
8%
Jacinto Benavente
8%
James Meade
8%
Jane Addams
8%
1956 | 1972 John Bardeen
8%
2024 John Hopfield
8%
Joseph Brodsky
8%
Joseph Stiglitz
8%
Jose Saramago
8%
Juan Manuel Santos
8%
Kurt Alder
8%
Lars Peter Hansen
8%
Luigi Pirandello
8%
Mikhail Sholokhov
8%
Mohammad Yunus
8%
Nadine Gordimer
8%
Nelly Sachs
8%
Nicholas Murray Butler
8%
Otto Diels
8%
1928 Owen Wilans Richardson
8%
Patrick Modiano
8%
Paul Henri Balluet d'Entournelles de Constant
8%
Paul Samuelson
8%
Rabindranath Tagore
8%
Richard J Roberts
8%
Richard R Ernst
8%
Rigoberta Menchu
8%
Robert Coleman Richardson
8%
Robert Edwards
8%
Robert Lucas Jr
8%
Roger Martin Du Gard
8%
Ronald Ross
8%
Rudolph A Marcus
8%
Saul Bellow
8%
Seamus Heaney
8%
Severo Ochoa
8%
Sully Prudhomme
8%
Tenzin Gyatso
8%
Tim Hunt
8%
Torsten Wiesel
8%
Tu Youyou
8%
Ulf Von Euler
8%
Vicente Aleixandre
8%
William C Campbell
8%
William Daniel Phillips
8%
William P Murphy
8%
Adolfo Perez Esquivel
5%
Akira Suzuki
5%
Akira Yoshino
5%
Alexis Carrel
5%
Alva Myrdal
5%
Andrew Huxley
5%
Annie Ernaux
5%
Antonio Egas Moniz
5%
Arthur B McDonald
5%
Arthur Harden
5%
Arthur Henderson
5%
Austen Chamberlain
5%
Ben Bernanke
5%
Bernando Houssay
5%
Bertha Von Suttner
5%
Bjornstjerne Bjornson
5%
1976 Burton Richter
5%
Carl Ferdinand Cori
5%
Cesar Milstein
5%
2009 Charles K Kao
5%
Charles Louis Alphonso Laveran
5%
Christian Lous Lange
5%
Christopher A Sims
5%
Cordell Hull
5%
1930 C V Raman
5%
Dag Hammarskjold
5%
Daniel C Tsui
5%
Daniel Kahneman
5%
David Baker
5%
2004 David Gross
5%
David MacMillan
5%
1971 Dennis Gabor
5%
1960 Donald A Glaser
5%
Donald J Cram
5%
Douglass North
5%
Earl Wilbur Sutherland Jr
5%
Eduard Buchner
5%
1947 Edward Victor Appleton
5%
Edwin G Krebs
5%
Eisaku Sato
5%
Elias Canetti
5%
Elihu Root
5%
Emmanuelle Charpentier
5%
Ferenc Krausz
5%
Francis William Aston
5%
Francois Jacob
5%
Frederic Passy
5%
Fredrik Bajer
5%
Gao Xingjian
5%
Geoffrey Wilkinson
5%
George Akerlof
5%
George Andrew Olah
5%
George Porter
5%
Georg Von Bekesy
5%
Gerty Cori
5%
Giosue Carducci
5%
Greg Winter
5%
Gunnar Myrdal
5%
Gustav Stresemann
5%
Halldor Laxness
5%
1970 Hannes Alfven
5%
Hans Adolf Krebs
5%
Harry Martinson
5%
1902 Hendrik Lorentz
5%
Henri La Fontaine
5%
Henri Moissan
5%
1949 Hideki Yukawa
5%
Institut de Droit International
5%
Intergovernmental Panel On Climate Change
5%
James B Sumner
5%
James E Rothman
5%
James M Buchanan
5%
Jan Tinbergen
5%
Jaroslav Siefert
5%
1926 Jean Baptiste Perrin
5%
Jean Tirole
5%
Jeffrey C Hall
5%
Jerome Karle
5%
J Hans D Jensen
5%
J Michael Bishop
5%
Johannes V Jensen
5%
John B Goodenough
5%
John E Walker
5%
John Galsworthy
5%
John L Hall
5%
John Macleod
5%
John Polanyi
5%
Jose Echegaray
5%
Joseph Murray
5%
Joseph Rotblat
5%
Jules A Hoffmann
5%
1909 Karl Ferdinand Braun
5%
Katalin Kariko
5%
Kim Dae-Jung
5%
Klas Pontus Arnoldson
5%
Koichi Tanaka
5%
Leon Cooper
5%
Liu Xiaobo
5%
Louise Gluck
5%
Luis Federico Leloir
5%
1968 Luis Walter Alvarez
5%
Martin Evans Oliver Smithies
5%
Maurice Wilkins
5%
Melvin Schwartz
5%
Michael Levitt
5%
Michael Mayor
5%
Miguel Angel Asturias
5%
Mohamed ElBaradei
5%
M Stanley Whittingham
5%
Naguib Mahfouz
5%
Nikolaas Tinbergen
5%
Norman Borlaug
5%
1989 Norman Ramsey Jr
5%
Octavio Paz
5%
Oliver Hart
5%
Owen Chamberlain
5%
Paul Romer
5%
Peter Agre
5%
Peter D Mitchell
5%
Peter Handke
5%
Philip Noel-Baker
5%
Pieter Zeeman
5%
2017 Rainer Weiss
5%
Richard F Heck
5%
Richard Henderson
5%
Richard Thaler
5%
Roald Hoffmann
5%
Robert Barany
5%
Robert J Shiller
5%
Robert Koch
5%
Robin Warren
5%
Rodney Robert Porter
5%
Rudolf Chrisoph Eucken
5%
Salvatore Quasimodo
5%
Samuel C C Ting
5%
Shinya Yamanaka
5%
Shmuel Yosef Agnon
5%
Sidney Altman
5%
Stefan Hell
5%
Steven Weinberg
5%
The Lord Todd
5%
Theodor Mommsen
5%
Val Logsdon Fitch
5%
Walter Gilbert
5%
Wangari Maathai
5%
Wendell Meredith Stanley
5%
1911 Wilhelm Wein
5%
William Nordhaus
5%
William Ramsay
5%
1955 Willis Lamb
5%
Wole Soyinka
5%
1957 Yang Chen-Ning
5%
Yasunari Kawabata
5%
Aaron Ciechanover
3%
Aaron Klug
3%
Abhijit Banerjee
3%
Adam Riess
3%
Ada Yonath
3%
Adolf Butenandt
3%
Adolf Von Baeyer
3%
Adolf Windaus
3%
Ahmed Zewail
3%
2022 Alain Aspect
3%
Alan Hodgkin
3%
Alan J Heeger
3%
Alan MacDiarmid
3%
1907 Albert A Michelson
3%
Albert Claude
3%
2007 Albert Fert
3%
Albert Schweitzer
3%
Albrecht Kossel
3%
Alexander Prokhorov
3%
2003 Alexei Abrikosov
3%
Alfonso Garcia Robles
3%
Alfred G Gilman
3%
Alfred Hershey
3%
1966 Alfred Kastler
3%
Alfred Werner
3%
Allan McLeod Cormack
3%
Allvar Gullstrand
3%
American Friends Service Committee
3%
Andre Frederic Cournand
3%
2008 | 2010 Andre Geim
3%
Andrei Sakharov
3%
Andre Michel Lwoff
3%
Andrew Fire
3%
Andrew Schally
3%
Angus Deaton
3%
Anthony James Leggett
3%
Antony Hewish
3%
Arieh Warshel
3%
Arne Tiselius
3%
Arno Allan Penzias
3%
Arthor Kornberg
3%
2018 Arthur Ashkin
3%
1927 Arthur Compton
3%
Arthur Leonard Schawlow
3%
Atturi Ilmari Virtanen
3%
Auguste Beernaert
3%
August Krogh
3%
Avram Hershko
3%
Aziz Sancar
3%
Barbara Mcclintock
3%
Barry Barish
3%
Baruch Samuel Blumberg
3%
Baruj Benacerraf
3%
Ben Feringa
3%
Bengt R Holmstrom
3%
Ben Roy Mottelson
3%
Bernard Katz
3%
Bertil Ohlin
3%
1994 Bertram Brockhouse
3%
Bert Sakmann
3%
Brian Josephson
3%
Brian K Kobilka
3%
Camillo Golgi
3%
Carlos Filipe
3%
1984 Carlos Rubbia
3%
Carlos Saavedra Lamas
3%
Carl Spitteler
3%
Carl Von Ossietzky
3%
Carl Wieman
3%
Carol W Greider
3%
Charles Albert Gobat
3%
Charles Brenton Huggins
3%
1920 Charles Edouard Guillaume
3%
1917 Charles Glover Barkla
3%
1964 Charles H Townes
3%
Charles M Rice
3%
Charles Nicolle
3%
Charles Richet
3%
Charles Scott Sherrington
3%
Christiaan Eijkman
3%
Christian B Anfinsen
3%
Christian De Duve
3%
Christiane Nusslein-Volhard
3%
Christoper A Pissarides
3%
Christopher A Pissarides
3%
Claude Cohen-Tannoudji
3%
Clifford Shull
3%
1937 Clinton Davisson
3%
Corneille Heymans
3%
Craig Mello
3%
Cyril Norman Hinshelwood
3%
Dale T Mortensen
3%
Daniel Bovet
3%
Daniel Carleton Gajdusek
3%
Daniel Nathans
3%
Dan Shechtman
3%
David Baltimore
3%
David H Hubel
3%
2016 David J Thouless
3%
David J Wineland
3%
David Trimble
3%
Demis Hassabis
3%
Denis Mukwege
3%
Derek Barton
3%
Didier Queloz
3%
Dominique Pire
3%
Donna Strickland
3%
Dorothy Hodgkin
3%
Douglas Diamond
3%
Douglas Osheroff
3%
Dudley R Herschbach
3%
Duncan Haldane
3%
Edgar Adrian
3%
Edmund Phelps
3%
Edvard Moser
3%
Edward Adelbert Doisy
3%
Edward Calvin Kendall
3%
Edward Mills Purcell
3%
Edward Tatum
3%
Ei-ichi Negishi
3%
Ei-Ichi Negishi
3%
Elias James Corey
3%
Elie Ducommun
3%
Elie Metchnikoff
3%
Elizabeth Blackburn
3%
1959 Emilio Segre
3%
Emil Theodor Kocher
3%
Emily Green Balch
3%
2001 Eric Allin Cornell
3%
Eric Betzig
3%
Eric F Wieschaus
3%
Eric Kandel
3%
Erik Axel Karlfeldt
3%
Ernesto Teodoro Moneta
3%
Ernest Walton
3%
Ernst Chain
3%
1986 Ernst Ruska
3%
Erwin Neher
3%
Eugenio Montale
3%
1952 Felix Bloch
3%
Feodor Lynen
3%
Ferdinand Buisson
3%
Ferid Murad
3%
2013 Francois Englert
3%
Franco Modigliani
3%
Frank Wilczek
3%
Frans Eemil Sillanpaa
3%
Frederick Banting
3%
Frederick Reines
3%
Frederick Sanger
3%
Frederick Soddy
3%
Freidrich Bergius
3%
Friedrich Hayek
3%
Friends Service Council
3%
1953 Frits Zernike
3%
Fritz Albert Lipmann
3%
Fritz Pregl
3%
F Sherwood Rowland
3%
1908 Gabriel Lippman
3%
Gary Becker
3%
Gary Ruvkun
3%
1987 Georg Bednorz
3%
George Beadle
3%
George Davis Snell
3%
George De Hevesy
3%
George Emil Palade
3%
George H Hitchings
3%
George Minot
3%
1992 Georges Charpak
3%
George Smoot
3%
George Wald
3%
George Whipple
3%
Gerald Edelman
3%
Gerard Mourou
3%
1999 Gerard 't Hooft
3%
Gerhard Domagk
3%
Gerhard Ertl
3%
Gerhar Herzberg
3%
Gerhart Hauptmann
3%
Gertrude B Elion
3%
Giorgos Seferis
3%
Giulio Natta
3%
Godfrey Hounsfield
3%
Grazia Deledda
3%
Greg L Semenza
3%
Gunter Blobel
3%
1912 Gustaf Dalen
3%
Haldan Keffer Hartline
3%
Hans Georg Dehmelt
3%
Hans Spemann
3%
Hans Von Euler-Chelpin
3%
Har Gobind Khorana
3%
Harold E Varmus
3%
1934 Harold Urey
3%
Harry Kroto
3%
Hartmut Michel
3%
1913 Heike Kamerlingh Onnes
3%
Heinrich Otto Wieland
3%
Heinrich Rohrer
3%
Henrik Dam
3%
Henrik Pontoppidan
3%
Henry Hallett Dale
3%
Henry Taube
3%
Henry Way Kendall
3%
Herbert A Hauptman
3%
Herbert Kroemer
3%
Herbert Spencer Gasser
3%
Hermann Staudinger
3%
Hideki Shirakawa
3%
Hiroshi Amano
3%
Hjalmar Branting
3%
Horst Ludwig Stormer
3%
Howard Florey
3%
Howard Martin Temin
3%
H Robert Horvitz
3%
Hugh David Politzer
3%
Hugo Theorell
3%
Igor Tamm
3%
Ilya Prigogine
3%
International Campaign to Abolish Nuclear Weapons
3%
International Campaign to Ban Landmines
3%
International Committee of the Red Cross
3%
International Labour Organization
3%
International Peace Bureau
3%
International Physicians for the Prevention of Nuclear War
3%
Internation Atomic Energy Agency
3%
Irving Langmuir
3%
2014 Isamu Akasaki
3%
Ivar Giaever
3%
2000 Jack Kilby
3%
Jack Steinburger
3%
Jack W Szostak
3%
Jacques Dubochet
3%
Jacques Monod
3%
1980 James Cronin
3%
James P Allison
3%
James Rainwater
3%
James Tobin
3%
Jaroslav Heyrovsky
3%
Jean Dausset
3%
Jean-Marie Lehn
3%
Jean-Pierre Sauvage
3%
Jennifer Doudna
3%
Jens Christian Skou
3%
2019 Jim Peebles
3%
Johann Deisenhofer
3%
Johannes Fibiger
3%
1919 Johannes Stark
3%
John B Fenn
3%
John B Gurdon
3%
John Boyd Orr
3%
2006 John C Mather
3%
John Cornforth
3%
John Eccles
3%
John Franklin Enders
3%
John Harsanyi
3%
John Hasbrouck Van Vleck
3%
John Hicks
3%
John Howard Northrop
3%
John Hume
3%
John Kendrew
3%
John M Jumper
3%
John M Kosterlitz
3%
John Mott
3%
John O'Keefe
3%
John Pople
3%
John Robert Schrieffer
3%
John Sulston
3%
John Vane
3%
Jon Fosse
3%
Joseph Erlanger
3%
Jose Ramos-Horta
3%
Joshua Angrist
3%
Joshua Lederberg
3%
Jules Bordet
3%
Julian Schwinger
3%
Julius Axelrod
3%
Julius Wagnar-Jauregg
3%
Kailash Satyarthi
3%
Kai Siegbahn
3%
Karl Adolph Gjellerup
3%
Karl Barry Sharpless
3%
Karl Landsteiner
3%
Karl Von Frisch
3%
Karl Ziegler
3%
Kary Mullis
3%
Kenichi Fukui
3%
Kip Thorne
3%
1985 Klaus Von Klitzing
3%
Konrad Emil Bloch
3%
Konstantin Novoselov
3%
Kurt Wuthrich
3%
Lars Onsager
3%
Lawrence Bragg
3%
League of Red Cross Societies
3%
Leland H Hartwell
3%
1973 Leo Esaki
3%
Leon Bourgeois
3%
Leon Jouhaux
3%
1988 Leon M Lederman
3%
Leopold Ruzicka
3%
Lester B Pearson
3%
1962 Lev Landau
3%
Leymah Gbowee
3%
Lloyd S Shapley
3%
Louis Ignarro
3%
Louis Neel
3%
Louis Renault
3%
Ludwig Quidde
3%
Macfarlane Burnet
3%
Mairead Maguire
3%
1924 Manne Siegbahn
3%
Mario Capecchi
3%
Mario J Molina
3%
Marshall Warren Nirenberg
3%
Martin Karplus
3%
1995 Martin Lewis Perl
3%
Martin Rodbell
3%
1974 Martin Ryle
3%
Martinus J G Veltman
3%
Masatoshi Koshiba
3%
Maurice Allais
3%
Max Delbruck
3%
Max Perutz
3%
Max Theiler
3%
1914 Max Von Laue
3%
May-Britt Moser
3%
Melvin Calvin
3%
Michael Kremer
3%
Michael Rosbash
3%
Michael Spence
3%
Myron Scholes
3%
Nadia Murad
3%
Nansen International Office for Refugees
3%
Narges Mohammadi
3%
Nathan Soderblom
3%
Nevill Francis Mott
3%
1981 Nicolaas Bloembergen
3%
Niels Kaj Jerne
3%
Niels Ryberg Finsen
3%
Nihon Hidankyo
3%
Nikolay Basov
3%
Nikolay Semyonov
3%
Norman Angell
3%
Norman Haworth
3%
Odd Hassel
3%
Odysseas Elytis
3%
Organisation for the Prohibition of Chemical Weapons
3%
Oscar Arias
3%
Otto Fritz Meyerhof
3%
Otto Heinrich Warburg
3%
1943 Otto Stern
3%
Otto Wallach
3%
Par Lagerkvist
3%
1948 Patrick Blackett
3%
Paul D Boyer
3%
Paul Ehrlich
3%
Paul Flory
3%
Paul Greengard
3%
Paul Heyse
3%
Paul J Crutzen
3%
Paul Karrer
3%
Paul Lauterbur
3%
Paul L Modrich
3%
Paul Nurse
3%
Paul Sabatier
3%
1958 Pavel Cherenkov
3%
1946 Percy Williams Bridgman
3%
Peter A Diamond
3%
Peter C Doherty
3%
Peter Debye
3%
Peter Grunberg
3%
Peter Mansfield
3%
Peter Medawar
3%
1905 Philipp Lenard
3%
Phillip Allen Sharp
3%
1991 Pierre-Gilles De Gennes
3%
Polykarp Kusch
3%
Pugwash Conferences on Scieance and World Affairs
3%
1978 Pyotr Kapitsa
3%
Ragnar Frisch
3%
Ragnar Granit
3%
Ralph Bunche
3%
Ralph M Steinman
3%
Randal Cremer
3%
Randy W Schekman
3%
Renato Dulbecco
3%
Rene Cassin
3%
2002 Riccardo Giacconi
3%
Richard Adolf Zsigmondy
3%
Richard Axel
3%
Richard Kuhn
3%
Richard Laurence Millington Synge
3%
Richard R Schrock
3%
Richard Smalley
3%
Richard Stone
3%
Richard Willstatter
3%
Rita Levi-Montalcini
3%
1923 Robert Andrews Millikan
3%
1998 Robert B Laughlin
3%
Robert Burns Woodward
3%
Robert Cecil 1st Viscount Cecil of Chelwood
3%
Robert C Merton
3%
Robert Curl
3%
Robert F Engle
3%
Robert F Furchgott
3%
Robert H Grubbs
3%
Robert Huber
3%
Robert J Lefkowitz
3%
Robert S Mulliken
3%
Robert Solow
3%
Robert W Holley
3%
Roderick MacKinnon
3%
Roger D Kornberg
3%
Roger Guillemin
3%
Roger Myerson
3%
Roger Wolcott Sperry
3%
Rolf M Zinkernagel
3%
Ronald George Wreyford Norrish
3%
Rosalyn Sussman Yalow
3%
2005 Roy J Glauber
3%
Rudolf Mossbauer
3%
1993 Russell Alan Hulse
3%
Ryoji Noyori
3%
Salvador Luria
3%
Satoshi Omura
3%
2011 Saul Perlmutter
3%
Sean MacBride
3%
Selman Waksman
3%
2012 Serge Haroche
3%
1979 Sheldon Glashow
3%
1965 Shin'Ichiro Tomonaga
3%
Shirin Ebadi
3%
Showalter Hench
3%
Shuji Nakamura
3%
Simon Kuznets
3%
Simon Van Der Meer
3%
Stanley D Prusiner
3%
1983 Subrahmanyan Chandrasekhar
3%
Sune Bergstrom
3%
Susuma Tonegawa
3%
Svetlana Alexievich
3%
Sydney Brenner
3%
Tadeus Reichstein
3%
2015 Takaai Kajita
3%
Tasuko Honjo
3%
Tawakel Karman
3%
Theodore Schultz
3%
Theodor Svedberg
3%
Theodor W Hansch
3%
Thomas A Steitz
3%
Thomas Cech
3%
Thomas C Sudhof
3%
Thomas Hucke Weller
3%
Thomas J Sargent
3%
Tomas Lindahl
3%
Tunisian National Dialogue Quartet
3%
United Nations High Commissioner for Refugees
3%
United Nations International Children's Emergency Fund
3%
United Nations Peacekeeping Forces
3%
Venkatraman Ramakrishnan
3%
1916 Verner Von Heidenstam
3%
Victor Ambros
3%
Victor Grignard
3%
Vitaly Ginzburg
3%
Vladimir Prelog
3%
V S Naipaul
3%
Walter Houser Brattain
3%
Walter Kohn
3%
Walther Bothe
3%
Walther Nernst
3%
Werner Forssmann
3%
Wilhelm Ostwald
3%
Willard Libby
3%
Willem Einthoven
3%
William Alfred Fowler
3%
William Giauque
3%
1915 William Henry Bragg
3%
William Moerner
3%
William Shockley
3%
Williams Lipscomb
3%
William Standish Knowles
3%
Wolfgang Ketterle
3%
World Food Programme
3%
Ximenes Belo
3%
Yoshinori Ohsumi
3%
Yves Chauvin
3%
Zhores Alferov
3%
Abdulrazak Gurnah
0%
Abdus Salam
0%
Albert Lutuli
0%
Ales Bialiatski
0%
Alexey Ekimov
0%
Andrew M Ghez
0%
Anne L'Huillier
0%
Anton Zeilinger
0%
Ardem Patapoutian
0%
Benjamin List
0%
Carolyn Bertozzi
0%
Centre For Civil Liberties
0%
Charles J Pederson
0%
Clive Granger
0%
Dale T Mortenson
0%
Daniel McFadden
0%
David Julius
0%
Dmitry Muratov
0%
Drew Weissman
0%
Edward C Prescott
0%
Edwin McMillian
0%
Eric Maskin
0%
Finn E Kydland
0%
Fraser Stoddart
0%
Georges J F Kohler
0%
George Stigler
0%
Gerard Debreu
0%
Gerd Binning
0%
2021 Giorgio Parisi
0%
Guido Imbens
0%
Harry Markowitz
0%
Harvey J Alter
0%
James Heckman
0%
James Mirrlees
0%
John Clauser
0%
1951 John Crockett
0%
Kenneth Arrow
0%
Klaus Hasselmann
0%
Lawrence Klein
0%
Le Duc Tho (Declined)
0%
Leonid Hurwicz
0%
Leonid Kantorovich
0%
Linus Paulding
0%
Louis E Brus
0%
Manfred Elgen
0%
Maria Ressa
0%
Medecin Sans Frontières
0%
Memorial
0%
Michael Houghton
0%
Morten P Meldal
0%
Moungi Bawendi
0%
Paul Milgrom
0%
Peter J Radcliffe
0%
Philip H Dybbig
0%
2023 Pierra Agostini
0%
Reindhard Genzel
0%
Reinhard Selton
0%
Robert Aumann
0%
Robert Bruce Merrifield
0%
Robert Fogel
0%
1961 Robert Hafstadter
0%
Robert Mundell
0%
2020 Roger Penrose
0%
Ronald Coase
0%
Svante Paabo
0%
Syukuro Manabe
0%
Thomas Schelling
0%
Tjalling Koopmans
0%
Tobias Asser
0%
Trygve Haavelmo
0%
Vincent De Vigoeaud
0%
Wassily Leontief
0%
Werner Arber
0%
William F Sharpe
0%
William Kaeolin Jr
0%
William Vickrey
0%
No matching quizzes found
Score Distribution
Percent of People with Each Score
Percentile by Number Answered
Your Score History
You have not taken this quiz